[Event "75th Tata Steel GpC"]
[Site "Wijk aan Zee NED"]
[Date "2013.01.25"]
[Round "11"]
[White "Romanishin,O"]
[Black "Swinkels,R"]
[Result "1/2-1/2"]
[WhiteElo "2521"]
[BlackElo "2508"]
[EventDate "2013.01.12"]

1. Nf3 d5 2. d4 Nf6 3. c4 c6 4. e3 Bf5 5. Bd3 Bxd3 6. Qxd3 e6 7. O-O Nbd7
8. Nc3 Bb4 9. Bd2 a5 10. a3 Be7 11. Rad1 O-O 12. e4 dxe4 13. Nxe4 Nxe4 14.
Qxe4 Nf6 15. Qc2 Qc7 16. a4 Rfd8 17. Bg5 h6 18. Bh4 Nh5 19. Bxe7 Qxe7 20.
Rfe1 Nf6 21. h3 Qc7 22. Re5 Rd7 23. Rde1 b6 24. Qc3 Rd6 25. c5 Rd5 26. Rc1
bxc5 27. Rxd5 Nxd5 28. Qxc5 Nb4 29. Ne5 Rd8 30. Nxc6 Nxc6 31. Qxc6 Qxc6 32.
Rxc6 Rxd4 33. b3 Rb4 34. Rc8+ Kh7 35. Rc3 Kg6 36. g3 1/2-1/2

[Event "75th Tata Steel GpC"]
[Site "Wijk aan Zee NED"]
[Date "2013.01.26"]
[Round "12"]
[White "Swinkels,R"]
[Black "Admiraal,M"]
[Result "1/2-1/2"]
[WhiteElo "2508"]
[BlackElo "2321"]
[EventDate "2013.01.12"]

1. d4 a6 2. e4 e6 3. Nf3 b5 4. Bd3 Bb7 5. Nbd2 c5 6. c3 Nf6 7. Qe2 Nc6 8.
O-O d5 9. e5 Nd7 10. Rd1 g5 11. Nf1 g4 12. Ng5 Rg8 13. Nxh7 cxd4 14. Nxf8
Nxf8 15. Bf4 Nd7 16. cxd4 Nxd4 17. Qe3 Nc6 18. Rac1 Qb6 19. Qg3 O-O-O 20.
Ne3 Nc5 21. Bb1 Kb8 22. Nxd5 exd5 23. e6+ Ka8 24. exf7 Rgf8 25. Bc7 Qa7 26.
Bxd8 Nxd8 27. Qd6 Nce6 28. Bf5 Qb8 29. Qxb8+ Kxb8 30. Bxe6 Nxe6 31. Re1 Bc8
32. Rc6 Rxf7 33. Rexe6 Bxe6 34. Rxe6 Rc7 35. h4 gxh3 36. Rxa6 Kb7 37. Rd6
Rc1+ 38. Kh2 hxg2 39. Kxg2 Rc2 40. b3 Rd2 41. a3 Kc7 42. Ra6 Rb2 43. b4 d4
44. Rh6 Rb3 45. Rh5 Rxa3 46. Rd5 Rc3 47. Rxd4 Rc4 48. Rxc4+ bxc4 49. Kf1
Kc6 50. f4 Kb5 51. f5 c3 52. Ke2 Kxb4 53. f6 Kb3 54. f7 c2 1/2-1/2

[Event "75th Tata Steel GpC"]
[Site "Wijk aan Zee NED"]
[Date "2013.01.26"]
[Round "12"]
[White "Peralta,Fe"]
[Black "Klein,Da"]
[Result "1-0"]
[WhiteElo "2617"]
[BlackElo "2445"]
[EventDate "2013.01.12"]

1. d4 f5 2. g3 Nf6 3. Bg2 g6 4. Nf3 Bg7 5. O-O O-O 6. c4 d6 7. Nc3 c6 8. d5
e5 9. e4 Na6 10. exf5 gxf5 11. Nh4 c5 12. Bg5 h6 13. Bd2 Nb4 14. f3 f4 15.
a3 Nd3 16. Qe2 fxg3 17. hxg3 Nh5 18. Qxd3 Nxg3 19. Qg6 Nxf1 20. Bxh6 Qf6
21. Bxg7 Qxg7 22. Rxf1 Bd7 23. Ne4 Rf4 24. Qxd6 Be8 25. Qe6+ Bf7 26. Qh3
Qh7 27. Qg3+ Kf8 28. Nxc5 Qxh4 29. Nd7+ Ke7 30. Qxh4+ Rxh4 31. Nxe5 Bh5 32.
f4 Rf8 33. Re1 Kd8 34. d6 Rhxf4 35. Bxb7 Rg8+ 36. Bg2 Rf5 37. Nc6+ Kd7 38.
Ne7 Rxg2+ 39. Kxg2 Rg5+ 40. Kf2 Kxd6 41. Nd5 Kc5 42. Re4 Rf5+ 43. Nf4 a5
44. Ke3 a4 45. Nd3+ Kd6 46. c5+ Kc7 47. Rxa4 Rf3+ 48. Ke4 Rh3 49. Nf4 Rh4
50. Ke5 Kc6 51. Ra6+ Kxc5 52. Rh6 1-0

[Event "75th Tata Steel GpC"]
[Site "Wijk aan Zee NED"]
[Date "2013.01.26"]
[Round "12"]
[White "Mekhitarian,K"]
[Black "Gretarsson,Hj"]
[Result "1-0"]
[WhiteElo "2543"]
[BlackElo "2516"]
[EventDate "2013.01.12"]

1. e4 e5 2. Nf3 Nc6 3. Bb5 a6 4. Ba4 Nf6 5. O-O Be7 6. d3 b5 7. Bb3 d6 8.
a4 Bd7 9. c3 O-O 10. Bc2 Re8 11. h3 Bf8 12. Re1 g6 13. Nbd2 Bg7 14. Nf1 h6
15. Ne3 Kh7 16. Kh2 Rb8 17. axb5 axb5 18. Bb3 Be6 19. Bxe6 Rxe6 20. Qb3 Nd7
21. Bd2 Nc5 22. Qc2 Re8 23. h4 Ne6 24. g3 Ra8 25. Qb3 Qf6 26. Rxa8 Rxa8 27.
Qd1 Nc5 28. Nd5 Qd8 29. Be3 Ne6 30. Qb3 Qb8 31. Kg2 Qb7 32. Rc1 Na5 33. Qd1
Nc6 34. h5 g5 35. Nh2 f5 36. Qf3 f4 37. Qg4 Qc8 38. Qf5+ Kh8 39. Bd2 Nc5
40. Qg6 Qd7 41. Nf6 Bxf6 42. Qxh6+ Qh7 43. Qxf6+ Qg7 44. Qxg7+ Kxg7 45. Rg1
Rh8 46. gxf4 exf4 47. d4 Nxe4 48. Bxf4 Kf6 49. Bc1 Kf5 50. Nf1 d5 51. Rh1
Ne7 52. f3 Nd6 53. Ne3+ Ke6 54. Ng4 Nf7 55. Re1+ Kd6 56. Ne5 Nxe5 57. Rxe5
Rxh5 58. Bxg5 Ng6 59. Be7+ Kd7 60. Rxh5 Nf4+ 61. Kg3 Nxh5+ 62. Kg4 Ng7 63.
Bf6 Ne6 64. f4 Ke8 65. Kf5 Kf7 66. Bg5 b4 67. Ke5 c5 68. dxc5 bxc3 69. bxc3
Nxc5 70. Kxd5 Nb7 71. c4 1-0

[Event "75th Tata Steel GpC"]
[Site "Wijk aan Zee NED"]
[Date "2013.01.26"]
[Round "12"]
[White "Bitensky,I"]
[Black "Van der Werf,M"]
[Result "1/2-1/2"]
[WhiteElo "2400"]
[BlackElo "2450"]
[EventDate "2013.01.12"]

1. e4 e5 2. Nf3 Nc6 3. Bc4 Nf6 4. d3 Be7 5. O-O O-O 6. Re1 d6 7. a4 Be6 8.
a5 Rb8 9. Nc3 Bg4 10. h3 Bh5 11. Be3 Nd4 12. g4 Nxg4 13. hxg4 Bxg4 14. Bxd4
exd4 15. Nb1 Bg5 16. Kg2 Qf6 17. Rh1 h5 18. c3 c6 19. cxd4 d5 20. Bb3 h4
21. Nc3 g6 22. Qe2 h3+ 23. Rxh3 Bxh3+ 24. Kxh3 Kg7 25. Rg1 Rh8+ 26. Kg2
Rbe8 27. Kf1 Bf4 28. Nd1 Rh3 29. e5 Qf5 30. Ne1 Reh8 31. Qg4 Qxg4 32. Rxg4
Bd2 33. Ke2 Bxa5 34. Nf3 Rh1 35. Bc2 R8h6 36. Ne3 Kf8 37. Nf1 Ke7 38. Rf4
Rh8 39. Bd1 Rf8 40. Ng3 Rh6 41. Rf6 Rhh8 42. Nf1 Bd8 43. Ne3 Kd7 44. Rf4
Ke6 45. Rg4 Rh1 46. Kd2 Rfh8 47. Be2 a5 48. Bf1 a4 49. Rg3 Bh4 50. Bh3+ Ke7
51. Nxh4 Rxh4 52. Bc8 Rb1 53. Kc3 Rhh1 54. Nc2 b5 55. Bb7 Rhc1 56. Kd2 Rf1
57. Rf3 Rxb2 58. Bxc6 a3 59. Bxd5 a2 60. Rxf7+ Ke8 61. e6 Rxf2+ 62. Rxf2
a1=Q 63. Rf7 Qa5+ 64. Kc1 Qc3 65. Bc6+ Qxc6 66. Kxb2 Qxe6 67. Rc7 Qf5 68.
Kc3 g5 69. Rc5 Qg6 70. Ne3 b4+ 71. Kxb4 Qxd3 72. Rxg5 Qxd4+ 73. Nc4 Kf7 74.
Re5 Kf6 75. Kb5 Qxc4+ 76. Kxc4 Kxe5 1/2-1/2

[Event "75th Tata Steel GpC"]
[Site "Wijk aan Zee NED"]
[Date "2013.01.26"]
[Round "12"]
[White "Schut,L"]
[Black "Burg,T"]
[Result "0-1"]
[WhiteElo "2295"]
[BlackElo "2492"]
[EventDate "2013.01.12"]

1. e4 c6 2. d4 d5 3. Nc3 dxe4 4. Nxe4 Nd7 5. Bd3 Ngf6 6. Ng5 g6 7. Ne2 Bg7
8. O-O O-O 9. Nf3 c5 10. Ng3 cxd4 11. Nxd4 Nc5 12. Be2 Qb6 13. Nb3 Rd8 14.
Qe1 Na4 15. c4 Be6 16. Be3 Qc7 17. Nd4 Bd7 18. b3 Nc5 19. h3 a6 20. Rc1
Rac8 21. b4 Ne6 22. Bf3 Nf4 23. Qc3 N6d5 24. Bxf4 Nxf4 25. Rfd1 Ba4 26. Rd2
b5 27. c5 e5 28. Nde2 e4 29. Rxd8+ Rxd8 30. Qe3 exf3 31. Nxf4 Bh6 0-1

[Event "75th Tata Steel GpC"]
[Site "Wijk aan Zee NED"]
[Date "2013.01.26"]
[Round "12"]
[White "Goryachkina,A"]
[Black "Kovchan,A"]
[Result "0-1"]
[WhiteElo "2402"]
[BlackElo "2579"]
[EventDate "2013.01.12"]

1. Nf3 Nf6 2. c4 g6 3. Nc3 d5 4. cxd5 Nxd5 5. e4 Nxc3 6. dxc3 Qxd1+ 7. Kxd1
Bg4 8. Be2 Bxf3 9. Bxf3 Nd7 10. Kc2 e5 11. Be3 Bc5 12. Bxc5 Nxc5 13. b4 Nd7
14. Be2 Ke7 15. Bc4 Nf6 16. f3 h5 17. h4 Rhg8 18. Rhd1 g5 19. hxg5 Rxg5 20.
Rd2 Rag8 21. Bf1 h4 22. Rad1 Rg3 23. Rd3 Rc8 24. R1d2 c5 25. bxc5 Rgg8 26.
Kd1 Rxc5 27. Rb2 b6 28. a4 Rgc8 29. Kc2 Nh5 30. Rb5 Ng3 31. Rxc5 bxc5 32.
Rd1 c4 33. Rb1 Kf6 34. Kd2 Nxf1+ 35. Rxf1 Rg8 36. Rf2 Kg5 37. Ke3 Rd8 38.
Rb2 Rd3+ 39. Ke2 Rxc3 40. Rb7 Rc2+ 41. Kf1 Kf4 42. Rxf7+ Ke3 43. Kg1 Rd2
44. Rxa7 h3 45. Rc7 Rxg2+ 46. Kh1 Kd4 47. Rd7+ Kc5 48. Rc7+ Kb4 49. a5 Ra2
50. Rb7+ Kc5 51. Rc7+ Kb5 52. Rc8 Ra3 53. Re8 Kb4 54. Kh2 Rxa5 55. Kxh3 c3
56. Rb8+ Rb5 57. Rc8 Rc5 58. Rb8+ Kc4 0-1

[Event "75th Tata Steel GpC"]
[Site "Wijk aan Zee NED"]
[Date "2013.01.27"]
[Round "13"]
[White "Burg,T"]
[Black "Bitensky,I"]
[Result "1-0"]
[WhiteElo "2492"]
[BlackElo "2400"]
[EventDate "2013.01.12"]

1. e4 d5 2. exd5 Qxd5 3. Nc3 Qd6 4. d4 Nf6 5. Nf3 a6 6. g3 Bg4 7. Bg2 Nc6
8. d5 Ne5 9. Bf4 Bxf3 10. Bxf3 Nxf3+ 11. Qxf3 e5 12. Bg5 h6 13. Bxf6 Qxf6
14. Qxf6 gxf6 15. O-O-O Bb4 16. Ne2 h5 17. Rhf1 Ke7 18. Rd3 b5 19. f4 Rad8
20. fxe5 fxe5 21. a3 Bc5 22. Nc3 Bd4 23. Ne4 Rh6 24. Rdf3 Rf8 25. c3 Bb6
26. Rf5 f6 27. h3 h4 28. g4 Be3+ 29. Kc2 Bf4 30. Nc5 Rc8 31. Nxa6 c5 32.
dxc6 Rxc6 33. Nb4 Rd6 34. Nd3 Bg3 35. Nc5 Bf4 36. Ne4 Rc6 37. Nf2 Rh8 38.
Nd3 Bg3 39. g5 fxg5 40. Nxe5 Re6 41. Nf7 Rb8 42. Nxg5 Re2+ 43. Kb3 Kd7 44.
Rd1+ Kc7 45. Rf7+ Kb6 46. Rf6+ Ka7 47. Ne6 Rb6 48. Rd7+ Rb7 49. Rd5 Rb6 50.
Rf7+ Rb7 51. Rxb7+ Kxb7 52. Nd4 Rh2 53. Nf5 Rxh3 54. Nxg3 Rxg3 55. Rxb5+
Kc6 56. Rh5 h3 57. a4 Kb6 58. Rh6+ Kb7 59. a5 Rf3 60. Ka4 Rf2 61. b4 h2 62.
c4 Kb8 63. c5 Rg2 64. Kb5 Kc8 65. a6 Kb8 66. Kb6 Rg8 67. Rxh2 Rg6+ 68. c6
Rg8 69. b5 Ka8 70. Rh7 Kb8 71. Rb7+ Ka8 72. Ra7+ 1-0

[Event "75th Tata Steel GpC"]
[Site "Wijk aan Zee NED"]
[Date "2013.01.27"]
[Round "13"]
[White "Admiraal,M"]
[Black "Brunello,S"]
[Result "0-1"]
[WhiteElo "2321"]
[BlackElo "2572"]
[EventDate "2013.01.12"]

1. Nf3 d5 2. d4 Nf6 3. c4 c6 4. e3 Bf5 5. Nc3 e6 6. Nh4 Bg6 7. Be2 Nbd7 8.
O-O Ne4 9. Nxg6 hxg6 10. cxd5 exd5 11. Nxe4 dxe4 12. d5 Bd6 13. g3 c5 14.
Qa4 f5 15. Bd2 a6 16. Qb3 b5 17. a4 b4 18. a5 g5 19. f4 exf3 20. Rxf3 Qf6
21. Raf1 Qh6 22. R1f2 g4 23. Rxf5 Bxg3 24. Rg2 g6 25. hxg3 gxf5 26. Qa4 Ke7
27. Qc2 Qh1+ 28. Kf2 Rh2 29. Bf1 Rah8 30. d6+ Kf6 31. Qc4 Rxg2+ 32. Bxg2
Rh2 33. Qd5 Ne5 34. d7 Rxg2+ 0-1

[Event "75th Tata Steel GpC"]
[Site "Wijk aan Zee NED"]
[Date "2013.01.27"]
[Round "13"]
[White "Klein,Da"]
[Black "Swinkels,R"]
[Result "0-1"]
[WhiteElo "2445"]
[BlackElo "2508"]
[EventDate "2013.01.12"]

1. e4 c5 2. Nf3 e6 3. g3 d5 4. exd5 exd5 5. d4 Nc6 6. Bg2 Bg4 7. O-O cxd4
8. h3 Bh5 9. Re1+ Be7 10. g4 Bg6 11. Nxd4 Nf6 12. Nxc6 bxc6 13. Qe2 h5 14.
Nc3 hxg4 15. hxg4 Kf8 16. Bf4 Bd6 17. Qf3 Bxf4 18. Qxf4 Rh4 19. Qg3 Rxg4
20. Qh2 Nh5 21. Rad1 Qg5 0-1

[Event "75th Tata Steel GpC"]
[Site "Wijk aan Zee NED"]
[Date "2013.01.27"]
[Round "13"]
[White "Gretarsson,Hj"]
[Black "Goryachkina,A"]
[Result "1/2-1/2"]
[WhiteElo "2516"]
[BlackElo "2402"]
[EventDate "2013.01.12"]

1. d4 d5 2. c4 c6 3. Nf3 Nf6 4. Nc3 dxc4 5. a4 Bf5 6. Ne5 Nbd7 7. Nxc4 Nb6
8. Ne5 a5 9. f3 Nfd7 10. Nxd7 Nxd7 11. e4 Bg6 12. Be3 e5 13. Qd2 Bb4 14.
Be2 exd4 15. Bxd4 O-O 16. O-O Nc5 17. Bc4 Nxa4 18. Rxa4 b5 19. Raa1 bxc4
20. Rfd1 Qe7 21. Qe2 Qe6 22. Na4 f6 23. Nc5 1/2-1/2

[Event "75th Tata Steel GpC"]
[Site "Wijk aan Zee NED"]
[Date "2013.01.27"]
[Round "13"]
[White "Van der Werf,M"]
[Black "Mekhitarian,K"]
[Result "0-1"]
[WhiteElo "2450"]
[BlackElo "2543"]
[EventDate "2013.01.12"]

1. d4 Nf6 2. c4 e6 3. Nc3 Bb4 4. e3 c5 5. Nge2 cxd4 6. exd4 d5 7. c5 O-O 8.
a3 Ba5 9. Bg5 h6 10. Bh4 Nc6 11. f4 Bc7 12. b4 b6 13. cxb6 Bxb6 14. Qd3 Bd7
15. g3 Rc8 16. Bg2 Ne7 17. Bxf6 gxf6 18. O-O Nf5 19. g4 Nh4 20. f5 exf5 21.
gxf5 Kh7 22. Bxd5 Bc6 23. Bxc6 Rxc6 24. Qe4 Rxc3 25. Nxc3 Bxd4+ 26. Kh1
Bxc3 27. Rad1 Qc8 28. Rf4 Rd8 29. Rc1 Be5 30. Rff1 Qa6 31. a4 Rd2 32. Qc4
Rxh2+ 33. Kg1 Rg2+ 34. Kh1 Qb7 35. Qc6 Rh2+ 36. Kg1 Rg2+ 37. Kh1 Qxb4 38.
Rc4 Qd2 0-1

[Event "75th Tata Steel GpC"]
[Site "Wijk aan Zee NED"]
[Date "2013.01.27"]
[Round "13"]
[White "Romanishin,O"]
[Black "Schut,L"]
[Result "1-0"]
[WhiteElo "2521"]
[BlackElo "2295"]
[EventDate "2013.01.12"]

1. Nf3 Nf6 2. c4 g6 3. g3 c6 4. Bg2 d5 5. Qa4 dxc4 6. Qxc4 Bg7 7. O-O O-O
8. Nc3 Be6 9. Qb4 Qc7 10. d3 Re8 11. Qh4 Bf5 12. d4 Nbd7 13. e4 Be6 14. e5
Nd5 15. Ng5 Nf8 16. Nxe6 Nxe6 17. Nxd5 cxd5 18. Bxd5 Qd7 19. Bxe6 Qxe6 20.
Qe4 b6 21. Be3 f5 22. Qb7 Qc8 23. Qd5+ e6 24. Qb3 Qd7 25. Rfd1 Rac8 26.
Rac1 Rxc1 27. Rxc1 Rc8 28. Rxc8+ Qxc8 29. d5 Kf7 30. Bd4 g5 31. Qa4 Qc1+
32. Kg2 Qe1 33. Qd7+ Kf8 34. Qc8+ Kf7 35. Qxe6+ 1-0